| Tag |
First Indicator |
Second Indicator |
Subfields |
| LEADER |
00000cam a2200000 a 4500 |
| 001 |
in00000069391 |
| 005 |
20151008053346.0 |
| 008 |
810108s1981 maua j 00011 engm |
| 010 |
|
|
|a 80029632
|z 80-29632
|
| 020 |
|
|
|a 0395304482
|
| 035 |
|
|
|a (OCoLC)07196761
|
| 035 |
|
|
|9 AAH7166AM
|
| 039 |
0 |
|
|a 2
|b 3
|c 3
|d 3
|e 3
|
| 040 |
|
|
|a DLC
|c DLC
|d m.c.
|d TXA
|d UtOrBLW
|
| 049 |
|
|
|a [Curr Col] TXAM
|c 1 [388520], 2 [388521]
|
| 050 |
0 |
0 |
|a PZ7 V266
|b Ju
|
| 082 |
0 |
|
|a [Fic]
|2 19
|
| 100 |
1 |
|
|a Van Allsburg, Chris.
|
| 245 |
1 |
0 |
|a Jumanji /
|c written and illustrated by Chris Van Allsburg.
|
| 264 |
|
1 |
|a Boston :
|b Houghton Mifflin,
|c [1981]
|
| 264 |
|
4 |
|c ©1981
|
| 300 |
|
|
|a 31 unnumbered pages :
|b illustrations ;
|c 26 x 29 cm.
|
| 336 |
|
|
|a text
|b txt
|2 rdacontent
|
| 337 |
|
|
|a unmediated
|b n
|2 rdamedia
|
| 338 |
|
|
|a volume
|b nc
|2 rdacarrier
|
| 520 |
|
|
|a Left on their own for an afternoon, two bored and restless children find more excitement than they bargained for in a mysterious and mystical jungle adventure board game.
|
| 586 |
|
|
|a Caldecott Medal, 1982
|
| 650 |
|
1 |
|a Play
|x Fiction.
|
| 650 |
|
1 |
|a Games
|x Fiction.
|
| 999 |
|
|
|a MARS
|
| 999 |
f |
f |
|s 79b305f5-7559-3ff3-b513-f127ae494178
|i b014fb0f-5309-358c-b423-cb79ddf8696c
|t 0
|
| 952 |
f |
f |
|p normal
|a Texas A&M University
|b College Station
|c Sterling C. Evans Library
|d Evans: Curriculum Collection (4th floor)
|t 0
|e PZ7 V266 Ju
|h Library of Congress classification
|i unmediated -- volume
|m A14805916091
|
| 998 |
f |
f |
|a PZ7 V266 Ju
|t 0
|l Evans: Curriculum Collection (4th floor)
|